[Event "Bundesliga 2022-23"]
[Site "Muelheim GER"]
[Date "2023.02.25"]
[Round "8.5"]
[Board "7"]
[White "Barseghyan, Armen Ar."]
[Black "Hausrath, Daniel"]
[Result "0-1"]
[WhiteTitle "IM"]
[BlackTitle "GM"]
[WhiteElo "2402"]
[BlackElo "2465"]
[WhiteTeam "SK Doppelbauer Turm Kiel"]
[BlackTeam "SV Muelheim Nord"]
[WhiteFideId "13306707"]
[BlackFideId "4617495"]
[EventDate "2022.10.22"]

1. Nf3 Nf6 2. c4 g6 3. Nc3 Bg7 4. e4 d6 5. d4 O-O 6. Be2 c5 7. O-O cxd4 8. Nxd4
Nc6 9. Be3 Bd7 10. f3 Qb6 11. Na4 Qa5 12. Nb5 Rfc8 13. a3 Ne5 14. b4 Qa6 15. Nb2
Nxc4 16. Nxd6 Nxe3 17. Bxa6 Nxd1 18. Raxd1 exd6 19. Bxb7 Ne8 20. Rf2 Rab8 21.
Bxc8 Rxc8 22. a4 a6 23. g4 Rb8 24. b5 axb5 25. axb5 Bxb5 26. Rfd2 Bc3 27. Rc2
Be5 28. Rcd2 Bf4 29. Rc2 Ng7 30. Rd5 Ne6 31. Nd3 Be3+ 32. Nf2 Nf4 33. Rb2 0-1

[Event "Bundesliga 2022-23"]
[Site "Muelheim GER"]
[Date "2023.02.25"]
[Round "8.5"]
[Board "8"]
[White "Saltaev, Mihail"]
[Black "Pajeken, Jakob Leon"]
[Result "0-1"]
[WhiteTitle "GM"]
[BlackTitle "IM"]
[WhiteElo "2469"]
[BlackElo "2461"]
[WhiteTeam "SV Muelheim Nord"]
[BlackTeam "SK Doppelbauer Turm Kiel"]
[WhiteFideId "14200058"]
[BlackFideId "12942839"]
[EventDate "2022.10.22"]

1. e4 c5 2. Nf3 d6 3. d4 cxd4 4. Nxd4 Nf6 5. Nc3 a6 6. a4 e5 7. Nf3 Be7 8. Bg5
Be6 9. Bxf6 Bxf6 10. Nd5 Nd7 11. Bc4 Rc8 12. b3 Qa5+ 13. Qd2 Qxd2+ 14. Nxd2 Bg5
15. Nf3 Bd8 16. Ne3 Bb6 17. Bxe6 fxe6 18. Nc4 Bc5 19. O-O Ke7 20. Rfe1 Rhf8 21.
Re2 Nf6 22. Nb2 d5 23. exd5 e4 24. d6+ Bxd6 25. Ng5 h6 26. Nxe4 Nxe4 27. Rxe4
Rxc2 28. Nd1 Bc5 29. Rg4 g5 30. h4 Rf4 31. Rxf4 gxf4 32. Rb1 Bd4 33. b4 Kd6 34.
Kf1 Kd5 35. b5 a5 36. b6 Kc4 37. Ke1 e5 38. Rb5 e4 39. Rxa5 Kd3 40. Rd5 e3 41.
fxe3 fxe3 42. Rd7 Rxg2 43. Nxe3 Kxe3 44. Kf1 Rg6 45. Rxb7 Kd3 0-1

[Event "Bundesliga 2022-23"]
[Site "Muelheim GER"]
[Date "2023.02.25"]
[Round "8.6"]
[Board "1"]
[White "Grandelius, Nils"]
[Black "Van Foreest, Jorden"]
[Result "1/2-1/2"]
[WhiteTitle "GM"]
[BlackTitle "GM"]
[WhiteElo "2651"]
[BlackElo "2694"]
[WhiteTeam "Hamburger SK"]
[BlackTeam "SG Solingen"]
[WhiteFideId "1710400"]
[BlackFideId "1039784"]
[EventDate "2022.10.22"]

1. e4 e5 2. Nf3 Nc6 3. Bb5 Nf6 4. O-O Nxe4 5. Re1 Nd6 6. Ba4 Be7 7. Nc3 O-O 8.
d4 e4 9. Nxe4 Nxe4 10. Rxe4 d5 11. Re1 Bd6 12. Bxc6 bxc6 13. Bg5 f6 14. Bh4 Rb8
15. Qc1 Re8 16. b3 Bb4 17. c3 Bf8 18. Ne5 Bb7 19. Nd3 Ba6 20. Qd2 Qd7 21. Bg3
Rxe1+ 22. Rxe1 Re8 23. Rxe8 Qxe8 24. h3 Qe4 25. Nc5 Bxc5 26. dxc5 g5 27. Bxc7
Bd3 28. f3 Qe2 29. Qxe2 Bxe2 30. Kf2 Bd3 31. g3 Kf7 32. Ke3 Bb1 33. Kd2 Ke7 34.
h4 gxh4 35. gxh4 h5 36. Bg3 a6 37. Bf2 Ke8 38. Bd4 Ke7 39. a4 Ke6 40. b4 Ba2 41.
Ke3 Bb3 42. b5 cxb5 43. a5 f5 44. Kf4 Bd1 45. Bf2 Kd7 46. Be3 Kc6 47. Bf2 Kd7
48. Be3 1/2-1/2

[Event "Bundesliga 2022-23"]
[Site "Muelheim GER"]
[Date "2023.02.25"]
[Round "8.6"]
[Board "2"]
[White "Ragger, Markus"]
[Black "Svane, Rasmus"]
[Result "1/2-1/2"]
[WhiteTitle "GM"]
[BlackTitle "GM"]
[WhiteElo "2632"]
[BlackElo "2615"]
[WhiteTeam "SG Solingen"]
[BlackTeam "Hamburger SK"]
[WhiteFideId "1610856"]
[BlackFideId "4657101"]
[EventDate "2022.10.22"]

1. e4 e5 2. Nf3 Nc6 3. Bb5 Nf6 4. O-O Nxe4 5. Re1 Nd6 6. Nxe5 Be7 7. Bf1 Nxe5 8.
Rxe5 O-O 9. Nc3 Bf6 10. Re1 b6 11. Nd5 Bb7 12. Nxf6+ Qxf6 13. d3 Rae8 14. Qd2
Rxe1 15. Qxe1 Re8 16. Qd2 c5 17. Qf4 Qxf4 18. Bxf4 Nf5 19. c3 f6 20. Bd2 Kf7 21.
Re1 Rd8 22. f3 g5 23. Kf2 h5 24. Be2 Bd5 25. Rc1 a5 26. a3 Bb3 27. g3 Re8 1/2-1/2

[Event "Bundesliga 2022-23"]
[Site "Muelheim GER"]
[Date "2023.02.25"]
[Round "8.6"]
[Board "3"]
[White "Papp, Gabor1"]
[Black "L'Ami, Erwin"]
[Result "1/2-1/2"]
[WhiteTitle "GM"]
[BlackTitle "GM"]
[WhiteElo "2564"]
[BlackElo "2617"]
[WhiteTeam "Hamburger SK"]
[BlackTeam "SG Solingen"]
[WhiteFideId "718602"]
[BlackFideId "1007998"]
[EventDate "2022.10.22"]

1. e4 e5 2. Nf3 Nc6 3. Bb5 a6 4. Ba4 Nf6 5. O-O Be7 6. d3 b5 7. Bb3 d6 8. c3 O-O
9. a4 Bb7 10. Re1 Nb8 11. Nbd2 Nbd7 12. Nf1 Nc5 13. Bc2 Nxa4 14. Bxa4 bxa4 15.
Qxa4 a5 16. Ne3 Qd7 17. Nf5 Bd8 18. Qc2 a4 19. c4 Bc6 20. h3 Re8 21. Kh2 Qc8 22.
g4 Nd7 23. Be3 Qb7 24. Reb1 Nf8 25. b4 axb3 26. Rxa8 Qxa8 27. Qxb3 Ne6 28. Qb2
Bf6 29. g5 Be7 30. Nxe7+ Rxe7 31. Qb8+ Re8 32. Qxa8 Rxa8 33. c5 Kf8 34. cxd6
cxd6 35. Rb6 Rc8 36. Nd2 Ke7 1/2-1/2

[Event "Bundesliga 2022-23"]
[Site "Muelheim GER"]
[Date "2023.02.25"]
[Round "8.6"]
[Board "4"]
[White "Warmerdam, Max"]
[Black "Svane, Frederik"]
[Result "1/2-1/2"]
[WhiteTitle "GM"]
[BlackTitle "GM"]
[WhiteElo "2612"]
[BlackElo "2566"]
[WhiteTeam "SG Solingen"]
[BlackTeam "Hamburger SK"]
[WhiteFideId "1048104"]
[BlackFideId "12923044"]
[EventDate "2022.10.22"]

1. e4 c5 2. c3 e6 3. d4 d5 4. exd5 exd5 5. Nf3 Nf6 6. Bb5+ Bd7 7. Bxd7+ Nbxd7 8.
O-O Be7 9. dxc5 Nxc5 10. Na3 O-O 11. Nc2 Re8 12. Be3 a6 13. Bd4 Ne6 14. Be5 Ng4
15. Bg3 Qb6 16. Rb1 Rad8 17. Ncd4 Bf6 18. Nf5 Nc5 19. h3 Ne5 20. Bxe5 Bxe5 21.
Ne3 Qd6 22. Re1 Bf4 23. Nf5 Rxe1+ 24. Qxe1 Qd7 25. N5d4 Re8 26. Qd1 b5 27. Qc2
g6 28. Rd1 Bc7 29. Qc1 Kg7 30. Nc2 Ne4 31. Qe3 Qd6 32. Qd4+ Nf6 33. Qb4 Qc6 34.
Ne3 Bb6 35. Nd4 Qc7 36. Qb3 Qe5 37. a4 Bxd4 38. Rxd4 bxa4 39. Qxa4 Rb8 40. Rd2
Qe4 41. Qxa6 Qb1+ 42. Nd1 Ne4 43. Rxd5 Rxb2 44. Qd3 Qxd3 45. Rxd3 Rb1 46. Kh2
Rc1 47. f3 Nc5 48. Rd4 g5 49. h4 h6 50. h5 Ne6 51. Rd6 Rc2 52. Kg1 Kh7 53. g3
Ng7 54. g4 Ne6 55. Kf1 Nf4 56. Rd7 Kg8 57. Rd8+ Kh7 58. Rd6 Ne2 59. Ke1 Nf4 60.
Rd2 Ng2+ 61. Ke2 Nf4+ 62. Ke3 Ng2+ 63. Kd3 Ne1+ 64. Ke2 Rxd2+ 65. Kxd2 Nxf3+ 66.
Ke3 Ne5 67. Nf2 Kg7 68. Ke4 f6 69. Kd5 Kf7 70. c4 Ke7 71. c5 Kd7 72. Kd4 Ke6 73.
Ne4 Nxg4 74. c6 f5 75. c7 Kd7 76. Nd6 Kxc7 77. Nxf5 Kd7 78. Kd5 Nf6+ 79. Ke5
Nxh5 80. Nxh6 g4 81. Nxg4 1/2-1/2

[Event "Bundesliga 2022-23"]
[Site "Muelheim GER"]
[Date "2023.02.25"]
[Round "8.6"]
[Board "5"]
[White "Ernst, Sipke"]
[Black "Van Wely, Loek"]
[Result "0-1"]
[WhiteTitle "GM"]
[BlackTitle "GM"]
[WhiteElo "2538"]
[BlackElo "2629"]
[WhiteTeam "Hamburger SK"]
[BlackTeam "SG Solingen"]
[WhiteFideId "1004689"]
[BlackFideId "1000268"]
[EventDate "2022.10.22"]

1. d4 d5 2. c4 c6 3. Nc3 e6 4. e3 Nf6 5. Nf3 Nbd7 6. Qc2 Bd6 7. b3 O-O 8. Be2 b6
9. O-O Bb7 10. Bb2 Re8 11. Rad1 Qe7 12. Rfe1 Rad8 13. Bf1 e5 14. dxe5 Nxe5 15.
Nd4 dxc4 16. Nf5 Qe6 17. Nxd6 Rxd6 18. Rxd6 Qxd6 19. Rd1 Qe6 20. Ne4 cxb3 21.
Nxf6+ gxf6 22. axb3 c5 23. e4 Qg4 24. h3 Bxe4 25. Qc1 Nf3+ 26. Kh1 Qf5 27. Qe3
Bc6 28. Qh6 Ne5 29. Bxe5 Qxe5 30. f4 Qb2 31. Rd3 Be4 32. Rg3+ Bg6 33. Kg1 Qd4+
34. Kh2 Re3 35. h4 Rxg3 36. Kxg3 Qe3+ 37. Kh2 Qf2 38. h5 Qxf1 0-1

[Event "Bundesliga 2022-23"]
[Site "Muelheim GER"]
[Date "2023.02.25"]
[Round "8.6"]
[Board "6"]
[White "Smeets, Jan"]
[Black "Heinemann, Thies"]
[Result "1-0"]
[WhiteTitle "GM"]
[BlackTitle "GM"]
[WhiteElo "2552"]
[BlackElo "2484"]
[WhiteTeam "SG Solingen"]
[BlackTeam "Hamburger SK"]
[WhiteFideId "1007246"]
[BlackFideId "4601556"]
[EventDate "2022.10.22"]

1. e4 c5 2. Nf3 d6 3. d4 cxd4 4. Nxd4 Nf6 5. Nc3 a6 6. Be3 e5 7. Nb3 Be6 8. f3
h5 9. Nd5 Bxd5 10. exd5 Nbd7 11. Qd2 Qc7 12. O-O-O g6 13. Kb1 Bg7 14. Be2 Rc8
15. Rc1 Ng8 16. g4 Ne7 17. h4 Nf6 18. c4 hxg4 19. fxg4 Qd7 20. Qd1 Nfg8 21. Qg1
Ra8 22. Qg2 Bf6 23. Bf2 Nc8 24. g5 Bd8 25. Bg4 Qe7 26. c5 f5 27. gxf6 Qxf6 28.
Nd2 Qe7 29. Bxc8 Rxc8 30. Ne4 1-0

[Event "Bundesliga 2022-23"]
[Site "Muelheim GER"]
[Date "2023.02.25"]
[Round "8.6"]
[Board "7"]
[White "Zwirs, Nico"]
[Black "Handke, Florian"]
[Result "0-1"]
[WhiteTitle "IM"]
[BlackTitle "GM"]
[WhiteElo "2481"]
[BlackElo "2526"]
[WhiteTeam "Hamburger SK"]
[BlackTeam "SG Solingen"]
[WhiteFideId "1036432"]
[BlackFideId "4634527"]
[EventDate "2022.10.22"]

1. e4 c5 2. Nf3 Nc6 3. d4 cxd4 4. Nxd4 Nf6 5. Nc3 e5 6. Ndb5 d6 7. Bg5 a6 8. Na3
b5 9. Nd5 Be7 10. Bxf6 Bxf6 11. c4 b4 12. Nc2 a5 13. Qf3 Be6 14. Nxf6+ Qxf6 15.
Qxf6 gxf6 16. O-O-O Ke7 17. b3 Nb8 18. Bd3 Na6 19. g3 Nc5 20. Kb2 Rhb8 21. f4 a4
22. Rd2 axb3 23. axb3 Ra3 24. Nxa3 bxa3+ 25. Kc2 Nxb3 26. Rdd1 Nd4+ 27. Kc3 Rb3+
28. Kd2 a2 29. f5 Bd7 30. Ra1 Ra3 31. Bc2 Bc6 32. Rhf1 Kd7 33. Rf2 Kc7 34. Ke1
Kb6 35. Bd1 Re3+ 36. Kd2 Ra3 37. Ke1 Bxe4 38. Rfxa2 Rc3 39. Ra6+ Kc5 40. R1a3
Rxa3 41. Rxa3 Bxf5 42. Ra7 Be6 43. Bh5 Bxc4 44. Rc7+ Kb4 45. Bxf7 d5 46. Bg8 e4
47. Kf2 h6 48. Ke3 Nb5 49. Rc8 Nd6 50. Rd8 Kc5 51. Kf4 f5 52. Be6 e3 53. Kf3 e2
54. Kf2 Ne4+ 55. Ke1 Ng5 56. Bxd5 Bxd5 57. Kxe2 Kd4 58. Rd6 Nf7 59. Rb6 Ke5 60.
Ke3 Be6 61. Rb5+ Kf6 62. Kf4 Nh8 63. Ra5 Ng6+ 64. Kf3 Ne5+ 65. Kg2 Bd7 66. Ra6+
Bc6+ 67. Kf2 Kg5 68. Rb6 Kg4 69. Rb4+ Be4 70. Rb6 h5 71. Rh6 Nd3+ 72. Ke3 Nb2
73. Kf2 Nd1+ 74. Kg1 Bf3 75. Re6 Kh3 76. Rd6 Nc3 77. Rd2 Ne4 78. Rb2 Ng5 79. Rf2
Be4 80. Rf4 Nf3+ 81. Kf2 Kxh2 82. Rxf3 Bxf3 83. Kxf3 Kg1 84. Ke3 Kg2 85. Kf4 Kf2
86. Kxf5 Kxg3 87. Kg5 h4 0-1

[Event "Bundesliga 2022-23"]
[Site "Muelheim GER"]
[Date "2023.02.25"]
[Round "8.6"]
[Board "8"]
[White "Naumann, Alexander"]
[Black "Kramer, Julian"]
[Result "1/2-1/2"]
[WhiteTitle "GM"]
[BlackTitle "IM"]
[WhiteElo "2513"]
[BlackElo "2467"]
[WhiteTeam "SG Solingen"]
[BlackTeam "Hamburger SK"]
[WhiteFideId "4623169"]
[BlackFideId "12921742"]
[EventDate "2022.10.22"]

1. Nf3 Nf6 2. c4 g6 3. Nc3 d5 4. cxd5 Nxd5 5. Qc2 Nc6 6. Qb3 Nb6 7. d4 Be6 8.
Qd1 Bg7 9. e3 O-O 10. Be2 Bc4 11. Bxc4 Nxc4 12. O-O Nb6 13. b3 e5 14. Ba3 Re8
15. d5 e4 16. dxc6 exf3 17. cxb7 fxg2 18. Re1 Bxc3 19. bxa8=Q Qxa8 20. Qd3 Bxa1
21. Rxa1 Rd8 22. Qc3 Nd5 23. Qd4 Ne7 24. Qe5 Qf3 25. Bxe7 Rd1+ 26. Rxd1 Qxd1+
27. Kxg2 Qg4+ 28. Kf1 Qd1+ 29. Kg2 Qg4+ 30. Qg3 Qe4+ 31. Qf3 Qxe7 32. Qa8+ Kg7
33. Qxa7 Qg5+ 34. Kf1 c5 35. Qa4 Qe5 36. h3 h5 37. Qa8 Qf5 38. Kg2 Qg5+ 39. Kh2
Qe5+ 40. Kg1 Qf5 41. Kg2 Qg5+ 42. Kh2 1/2-1/2

[Event "Bundesliga 2022-23"]
[Site "Viernheim GER"]
[Date "2023.02.25"]
[Round "8.7"]
[Board "1"]
[White "Schroeder, Jan-Christian"]
[Black "Kryvoruchko, Yuriy"]
[Result "1/2-1/2"]
[WhiteTitle "GM"]
[BlackTitle "GM"]
[WhiteElo "2544"]
[BlackElo "2658"]
[WhiteTeam "SF Berlin"]
[BlackTeam "SC Viernheim"]
[WhiteFideId "24662259"]
[BlackFideId "14109182"]
[EventDate "2022.10.22"]

1. e4 e5 2. Nf3 Nc6 3. Bb5 Nf6 4. O-O Nxe4 5. d4 Nd6 6. Bxc6 dxc6 7. dxe5 Nf5 8.
Qxd8+ Kxd8 9. h3 Ke8 10. Nc3 h5 11. Bf4 Be7 12. Rad1 Nh4 13. Nxh4 Bxh4 14. Ne4
Be7 15. Rfe1 Be6 16. Ng5 Bf5 17. e6 Bxg5 18. Bxg5 Bxe6 19. Re5 Kf8 20. Bd8 Rh6
21. Bxc7 Bd5 22. b3 Rc8 23. Ba5 Rg6 24. g3 Kg8 25. Rde1 Re6 26. c4 Rce8 27. Bc3 1/2-1/2

[Event "Bundesliga 2022-23"]
[Site "Viernheim GER"]
[Date "2023.02.25"]
[Round "8.7"]
[Board "2"]
[White "Korobov, Anton"]
[Black "Piorun, Kacper"]
[Result "1-0"]
[WhiteTitle "GM"]
[BlackTitle "GM"]
[WhiteElo "2672"]
[BlackElo "2611"]
[WhiteTeam "SC Viernheim"]
[BlackTeam "SF Berlin"]
[WhiteFideId "14105730"]
[BlackFideId "1130420"]
[EventDate "2022.10.22"]

1. d4 Nf6 2. c4 e6 3. Nf3 d5 4. Nc3 Bb4 5. Qa4+ Nc6 6. e3 O-O 7. Bd2 Re8 8. a3
Bf8 9. Be2 h6 10. O-O Ne4 11. Be1 Kh8 12. b4 Nxc3 13. Bxc3 Ne7 14. Ne5 Kg8 15.
Qc2 dxc4 16. Bxc4 Nd5 17. Bb2 a5 18. b5 Bd7 19. Rac1 c6 20. Bd3 Bd6 21. Nxd7
Qxd7 22. bxc6 bxc6 23. Qxc6 Qe7 24. Qa4 Reb8 25. Rc2 Nb6 26. Qb3 a4 27. Qa2 Nd5
28. g3 Rb3 29. Bc4 Rab8 30. Qa1 R3b7 31. e4 Nb6 32. Bd3 Nd7 33. e5 Bc7 34. Be4
Ra7 35. Rfc1 Nb6 36. Bc3 Nd5 37. Bxd5 exd5 38. Bb4 Qd7 39. Qc3 Bb6 40. Qd3 Ba5
41. Bd6 Rba8 42. Qf3 Qe6 43. Rc5 Bb6 44. Rxd5 Rc8 45. Rxc8+ Qxc8 46. Rb5 1-0

[Event "Bundesliga 2022-23"]
[Site "Viernheim GER"]
[Date "2023.02.25"]
[Round "8.7"]
[Board "3"]
[White "Tomczak, Jacek"]
[Black "Braun, Arik"]
[Result "1-0"]
[WhiteTitle "GM"]
[BlackTitle "GM"]
[WhiteElo "2595"]
[BlackElo "2597"]
[WhiteTeam "SF Berlin"]
[BlackTeam "SC Viernheim"]
[WhiteFideId "1124668"]
[BlackFideId "4663527"]
[EventDate "2022.10.22"]

1. e4 c6 2. d4 d5 3. e5 Bf5 4. h4 Qb6 5. a4 h6 6. a5 Qc7 7. Nf3 e6 8. c3 Nd7 9.
Bf4 c5 10. dxc5 Bxc5 11. b4 Bf8 12. a6 Ne7 13. Bb5 b6 14. O-O Bg4 15. Nbd2 g5
16. hxg5 Ng6 17. Bg3 hxg5 18. Qa4 Bg7 19. c4 d4 20. Rfe1 d3 21. Nd4 O-O-O 22.
Bc6 Nc5 23. bxc5 Rxd4 24. cxb6 Qxb6 25. Rab1 1-0

[Event "Bundesliga 2022-23"]
[Site "Viernheim GER"]
[Date "2023.02.25"]
[Round "8.7"]
[Board "4"]
[White "Wagner, Dennis"]
[Black "Kraemer, Martin"]
[Result "1-0"]
[WhiteTitle "GM"]
[BlackTitle "GM"]
[WhiteElo "2570"]
[BlackElo "2579"]
[WhiteTeam "SC Viernheim"]
[BlackTeam "SF Berlin"]
[WhiteFideId "24650684"]
[BlackFideId "4671910"]
[EventDate "2022.10.22"]

1. e4 e5 2. Nf3 Nc6 3. Bb5 Nf6 4. O-O Nxe4 5. d4 Nd6 6. Bxc6 dxc6 7. dxe5 Nf5 8.
Qxd8+ Kxd8 9. Rd1+ Ke8 10. Nc3 Ne7 11. a4 Bg4 12. a5 Ng6 13. Ra4 Bxf3 14. gxf3
Rd8 15. Rxd8+ Kxd8 16. f4 Be7 17. Be3 a6 18. Ne4 Kc8 19. Kf1 Rd8 20. Ke2 Nh4 21.
Ng3 g6 22. f5 Nxf5 23. Nxf5 gxf5 24. Rf4 f6 25. Rxf5 Rd5 26. Rh5 Rxe5 27. Rxh7
Bc5 28. h4 Bxe3 29. fxe3 Rxa5 30. Kf3 Rf5+ 31. Kg4 Rf2 32. h5 a5 33. Rf7 b5 34.
h6 Rh2 35. Rxf6 Kd7 36. Kg5 a4 37. Kg6 b4 38. Rf4 c5 39. h7 Ke7 40. Re4+ Kd6 41.
Re8 Kd5 1-0

[Event "Bundesliga 2022-23"]
[Site "Viernheim GER"]
[Date "2023.02.25"]
[Round "8.7"]
[Board "5"]
[White "Seyb, Alexander"]
[Black "Buhmann, Rainer"]
[Result "1/2-1/2"]
[WhiteTitle "IM"]
[BlackTitle "GM"]
[WhiteElo "2441"]
[BlackElo "2561"]
[WhiteTeam "SF Berlin"]
[BlackTeam "SC Viernheim"]
[WhiteFideId "4699033"]
[BlackFideId "4651340"]
[EventDate "2022.10.22"]

1. e4 e6 2. d4 d5 3. Nc3 Nf6 4. e5 Nfd7 5. f4 c5 6. Nf3 Nc6 7. Be3 a6 8. Qd2 b5
9. dxc5 Bxc5 10. Bd3 Qb6 11. Bf2 h6 12. O-O Bxf2+ 13. Qxf2 Qxf2+ 14. Kxf2 Ke7
15. Rae1 Nc5 16. Ke3 Bd7 17. Nd4 Na4 18. Nd1 b4 19. Nxc6+ Bxc6 20. Kd4 Rhc8 21.
f5 Bb5 22. fxe6 fxe6 23. Rf3 Bxd3 24. cxd3 b3 25. Nc3 1/2-1/2

[Event "Bundesliga 2022-23"]
[Site "Viernheim GER"]
[Date "2023.02.25"]
[Round "8.7"]
[Board "6"]
[White "Maze, Sebastien"]
[Black "Schmidek, Emil"]
[Result "1-0"]
[WhiteTitle "GM"]
[BlackTitle "IM"]
[WhiteElo "2530"]
[BlackElo "2414"]
[WhiteTeam "SC Viernheim"]
[BlackTeam "SF Berlin"]
[WhiteFideId "613762"]
[BlackFideId "12908150"]
[EventDate "2022.10.22"]

1. d4 d5 2. c4 e6 3. Nc3 a6 4. cxd5 exd5 5. Qb3 Bd6 6. Nf3 Ne7 7. g3 c6 8. Bf4
O-O 9. Bxd6 Qxd6 10. Bg2 Bf5 11. Qxb7 Nd7 12. Qb3 Rfb8 13. Qa3 Qxa3 14. bxa3 Rb2
15. O-O Rab8 16. Rfc1 f6 17. Bf1 Be4 18. Na4 Rc2 19. Ne1 Rxc1 20. Rxc1 Rb5 21.
Bh3 Bf5 22. Bxf5 Nxf5 23. Nc2 Nb6 24. Nxb6 Rxb6 25. g4 Nd6 26. Ne3 a5 27. a4 Kf7
28. Rc5 Nb7 29. Rc3 Ke6 30. f3 Rb1+ 31. Kf2 c5 32. Rb3 Rxb3 33. axb3 cxd4 34.
Nc2 Ke5 35. b4 axb4 36. Nxb4 Kd6 37. h4 Kc5 38. Nd3+ Kc4 39. Ke1 Kb3 40. Nf4
Kxa4 41. Ne6 Kb4 42. Nxg7 Nc5 43. Nh5 Nd7 44. Kd2 Kc5 45. f4 Kc4 46. Kc2 Kb5 47.
Kd3 Kc5 48. Ng7 Nf8 49. h5 Nd7 50. Nf5 Nf8 51. Nxd4 Kd6 52. Nf5+ Kc5 53. Ng7 Nd7
54. Ne8 d4 55. Nc7 Nf8 56. Ke4 Kd6 57. Nb5+ Ke7 58. Nxd4 Nd7 59. Kf5 Kf7 60. e4
Nb6 61. e5 fxe5 62. fxe5 Nd5 63. e6+ Kg7 64. Ke5 Nc7 65. Kd6 Ne8+ 66. Ke7 Nc7
67. Nf5+ Kg8 68. Kd6 1-0

[Event "Bundesliga 2022-23"]
[Site "Viernheim GER"]
[Date "2023.02.25"]
[Round "8.7"]
[Board "7"]
[White "Thiede, Lars"]
[Black "Libiszewski, Fabien"]
[Result "1/2-1/2"]
[WhiteTitle "IM"]
[BlackTitle "GM"]
[WhiteElo "2399"]
[BlackElo "2512"]
[WhiteTeam "SF Berlin"]
[BlackTeam "SC Viernheim"]
[WhiteFideId "4607759"]
[BlackFideId "616834"]
[EventDate "2022.10.22"]

1. Nf3 g6 2. e4 d6 3. d4 Nf6 4. Nc3 Bg7 5. Be3 a6 6. h3 O-O 7. Qd2 b5 8. e5 b4
9. Ne2 Nd5 10. Bh6 Nc6 11. Rd1 f6 12. Ng3 e6 13. exd6 cxd6 14. Bxg7 Kxg7 15. Bd3
f5 16. O-O Qf6 17. Bc4 Nce7 18. Rfe1 Bd7 19. Ra1 Rfc8 20. Bf1 Ba4 21. Rec1 e5
22. a3 e4 23. axb4 Bxc2 24. Ne1 Bd3 25. Rxc8 Rxc8 26. Nxd3 Qxd4 27. Rxa6 exd3
28. Qxd3 Qxb4 29. Qa3 Rb8 30. Rxd6 Qxb2 31. Qa7 Rb7 32. Qa5 Qe5 33. Ra6 Rb1 34.
Qd2 Rb2 35. Qc1 Qd4 36. Qe1 1/2-1/2

[Event "Bundesliga 2022-23"]
[Site "Viernheim GER"]
[Date "2023.02.25"]
[Round "8.7"]
[Board "8"]
[White "Beikert, Guenther"]
[Black "Kristoferitsch, Daniel"]
[Result "1-0"]
[WhiteTitle "IM"]
[BlackTitle "FM"]
[WhiteElo "2364"]
[BlackElo "2283"]
[WhiteTeam "SC Viernheim"]
[BlackTeam "SF Berlin"]
[WhiteFideId "4614186"]
[BlackFideId "1642650"]
[EventDate "2022.10.22"]

1. e4 c5 2. Nf3 e6 3. d4 cxd4 4. Nxd4 Nf6 5. Nc3 d6 6. g4 e5 7. Bb5+ Bd7 8.
Bxd7+ Qxd7 9. Nf5 h5 10. g5 Nxe4 11. Nxg7+ Bxg7 12. Nxe4 d5 13. Nc3 d4 14. Ne4
h4 15. h3 Nc6 16. Bd2 O-O-O 17. Qg4 Kb8 18. Qxd7 Rxd7 19. O-O Re7 20. Kg2 Re6
21. f4 exf4 22. Rae1 Be5 23. Nc5 Rg6 24. Nd7+ Kc8 25. Nxe5 Rxg5+ 26. Ng4 f5 27.
Rxf4 fxg4 28. Rxg4 Rb5 29. b4 Rh7 30. a4 Rd5 31. Ree4 d3 32. c4 Rf5 33. Rxh4
Rxh4 34. Rxh4 Re5 35. Rf4 Re2+ 36. Rf2 Re4 37. Rf4 Re2+ 38. Rf2 Re4 39. Kg3 Nd4
40. h4 Ne2+ 41. Kh3 Ng1+ 42. Kg2 Rg4+ 43. Kf1 Nh3 44. Rg2 Rxh4 45. Rh2 Kd7 46.
Bg5 Rxc4 47. Rxh3 Rxb4 48. Rxd3+ Kc6 49. Ra3 a5 50. Bd2 Rb1+ 51. Ke2 b5 52.
axb5+ Rxb5 53. Ra4 Rh5 54. Be3 Kb5 55. Ra1 a4 56. Kd3 Rh3 57. Kd4 Rh4+ 58. Kc3
Rh3 59. Kd3 a3 60. Rxa3 Rh4 61. Rc3 Rh3 62. Rc5+ Kb4 63. Re5 Rg3 64. Re6 Rh3 65.
Rb6+ Ka5 66. Rb1 Rg3 67. Kd4 Ka6 68. Rb3 Rg4+ 69. Kc5 Rg2 70. Bf4 Rc2+ 71. Kd5
Rg2 72. Bd6 Rc2 73. Bc5 Ka5 74. Kc6 Ra2 75. Rb8 Ka4 76. Rb1 Rd2 77. Rb4+ Ka5 78.
Rc4 Rb2 79. Bd4 Ra2 80. Bc3+ Ka6 81. Rb4 Ka7 82. Rb7+ Ka8 83. Rb6 Rc2 84. Ra6+
Kb8 85. Ra3 Rc1 86. Kd5 Kc8 87. Bd4 Kd7 88. Ra7+ Rc7 89. Ra6 Rc1 90. Rd6+ Ke7
91. Rg6 Rf1 92. Rg5 Rf3 93. Rg1 Rf5+ 94. Be5 Rf2 95. Ra1 Rd2+ 96. Bd4 Kf7 97.
Ra7+ Kg6 98. Ke4 Re2+ 99. Kf4 Rd2 100. Rg7+ Kh6 101. Rd7 Ra2 102. Kf5 Ra5+ 103.
Be5 Rb5 104. Rd1 Kh7 105. Rd8 1-0

[Event "Bundesliga 2022-23"]
[Site "Viernheim GER"]
[Date "2023.02.25"]
[Round "8.8"]
[Board "1"]
[White "Nisipeanu, Liviu-Dieter"]
[Black "Gledura, Benjamin"]
[Result "1/2-1/2"]
[WhiteTitle "GM"]
[BlackTitle "GM"]
[WhiteElo "2615"]
[BlackElo "2637"]
[WhiteTeam "USV TU Dresden"]
[BlackTeam "SC Remagen Sinzig"]
[WhiteFideId "1202758"]
[BlackFideId "712779"]
[EventDate "2022.10.22"]

1. e4 e5 2. Nf3 Nc6 3. Bb5 a6 4. Ba4 Nf6 5. O-O Nxe4 6. d4 b5 7. Bb3 d5 8. dxe5
Be6 9. Nbd2 Nc5 10. c3 Be7 11. Bc2 d4 12. Nb3 d3 13. Nxc5 dxc2 14. Qxd8+ Rxd8
15. Nxe6 fxe6 16. Be3 Rd5 17. Rac1 Nxe5 18. Nxe5 Rxe5 19. Rxc2 Kf7 20. c4 b4 21.
Rd1 Rd8 22. Rxd8 1/2-1/2

[Event "Bundesliga 2022-23"]
[Site "Viernheim GER"]
[Date "2023.02.25"]
[Round "8.8"]
[Board "2"]
[White "Plat, Vojtech"]
[Black "Bartel, Mateusz"]
[Result "1-0"]
[WhiteTitle "GM"]
[BlackTitle "GM"]
[WhiteElo "2546"]
[BlackElo "2630"]
[WhiteTeam "SC Remagen Sinzig"]
[BlackTeam "USV TU Dresden"]
[WhiteFideId "325740"]
[BlackFideId "1112635"]
[EventDate "2022.10.22"]

1. e4 e5 2. Nf3 Nc6 3. Bb5 a6 4. Ba4 Nf6 5. O-O Be7 6. Re1 b5 7. Bb3 d6 8. c3
O-O 9. h3 Nb8 10. d4 Nbd7 11. a4 Bb7 12. Bc2 Re8 13. Nbd2 Bf8 14. Bd3 c6 15. b3
Nh5 16. Nf1 g6 17. N1h2 Bg7 18. Ng4 Nf4 19. Bxf4 exf4 20. Qd2 h5 21. Ngh2 Qf6
22. axb5 axb5 23. Rxa8 Bxa8 24. c4 bxc4 25. Bxc4 Rd8 26. e5 dxe5 27. Nxe5 Nxe5
28. dxe5 Qh4 29. Nf3 Rxd2 30. Nxh4 c5 31. Nxg6 f3 32. g3 Kh7 33. Nf4 h4 34. gxh4
Bh6 35. Nd3 Bf8 36. Kh2 Kh6 37. Kg3 Be7 38. Ra1 Be4 39. Ra7 Bd8 40. Rd7 Ba5 41.
Nxc5 Rxd7 42. Nxd7 Bc7 43. Kf4 Bc6 44. Nf6 Bb6 45. Bxf7 Bxf2 46. Bd5 1-0